| 000 | 00539nam a2200193Ia 4500 | ||
|---|---|---|---|
| 005 | 20250508161635.0 | ||
| 008 | 008 250505s9999 xx 000 0 eng d | ||
| 037 | _aTextual | ||
| 040 |
_aFEDL _beng _cFEDL |
||
| 041 |
_aeng _2eng |
||
| 084 |
_a517, DIE _qFEDL |
||
| 100 | _aDieudonne J | ||
| 245 | 0 | _aFoundations of modern analysis | |
| 260 |
_aNew York, USA _bAcademic Press _c1969 |
||
| 300 | _axviii,387p. | ||
| 490 | _aAcademic press international edition | ||
| 942 |
_cTEXL _h517, DIE |
||
| 999 |
_c1371284 _d1371284 |
||